000 01403nas1a22003011i 4500
001 RU\NLR\INFOCOMM10\1000202810
005 20260407132237.0
035 _a(NLR Aleph) 002459797
090 _a2241523
_c2241523
100 _a20040324c1989 |||y0rusy50 ca
101 0 _arus
102 _aRU
110 _azyu||||0|y0
200 1 _aИстоки
_eВопр. истории нар. хоз-ва и экон. мысли
210 _aМ.
_aЯрославль
_cЭкономика
_d1989-
712 0 2 _4570
_aГосударственный университет - Высшая школа экономики
_cМосква
_3RU\NLR\AUTH\889992758
_9481860
801 1 _aRU
_bInfoComm
_c20040324
801 0 _aRU
_bNLR
_gPSBO
852 _aNLR
_jП22/5923
942 _cSE
980 _aRUSPER